LEADER 01063nam0-22003731i-450- 001 990005468440203316 005 20010829120000.0 035 $a000546844 035 $aUSA01000546844 035 $a(ALEPH)000546844USA01 035 $a000546844 100 $a20010829d1979-------|0enac50------ba 101 $aeng 102 $aJP 105 $a|||| ||||| 200 1 $aIntermediate macroeconomics$fMichael R. Darby 210 $aTokyo$cMcGraw-Hill Kogakusha$d1979 215 $a479 p. . graf. , 21 cm. 606 $aMacroeconomia$2FI 620 $dTokyo 676 $a339$cMacroeconomia$v21 700 1$aDARBY,$bMichael R.$0124192 712 $aMcGraw-Hill Kogakusha LTD 801 $aIT$bSOL$c20120104 912 $a990005468440203316 950 $aDIP.TO SCIENZE ECONOMICHE - (SA)$dDS 300 339 DAR$eST11388 DISES 951 $a300 339 DAR$b1388 DISES 959 $aBK 969 $aDISES 979 $c20121027$lUSA01$h1532 979 $c20121027$lUSA01$h1613 996 $aIntermediate macroeconomics$9695147 997 $aUNISA NUM $aUSA7028 LEADER 01219nam a2200325 i 4500 001 991001043019707536 005 20020507182153.0 008 940317s1986 de ||| | eng d 020 $a3540171932 035 $ab10793094-39ule_inst 035 $aLE01306156$9ExL 040 $aDip.to Matematica$beng 082 0 $a510 084 $aAMS 31-06 084 $aAMS 31A 084 $aAMS 35R25 084 $aAMS 45B05 100 1 $aTalenti, Giorgio G.$042477 245 10$aInverse problems :$blectures given at the 1st 1986 session of the Centro internazionale matematico estivo (C.I.M.E.) held at Montecatini Terme, Italy, May 28-June 5, 1986 /$ced. G. Talenti 260 $aBerlin ; New York :$bSpringer-Verlag,$c1986 300 $avi, 204 p. :$bill. ;$c25 cm 490 0 $aLecture notes in mathematics,$x0075-8434 ;$v1225 500 $aIncludes bibliographies 650 0$aInverse problems 907 $a.b10793094$b23-02-17$c28-06-02 912 $a991001043019707536 945 $aLE013 31-XX TAL11 (1986)$g1$i2013000004839$lle013$o-$pE0.00$q-$rl$s- $t0$u1$v0$w1$x0$y.i10894007$z28-06-02 996 $aInverse problems$9921404 997 $aUNISALENTO 998 $ale013$b01-01-94$cm$da $e-$feng$gde $h0$i1 LEADER 01422nas 2200361 n 450 001 990008999960403321 005 20240229084431.0 011 $a0024-466X 035 $a000899996 035 $aFED01000899996 035 $a(Aleph)000899996FED01 035 $a000899996 091 $2CNR$aP 00055813 100 $a20161109a19669999km-y0itaa50------ba 101 0 $ager 110 $aauu-------- 200 1 $aLiteratur und Kritik 207 1$a1966- 210 $aSalzburg$cOtto Muller Verlag 530 0 $aLiteratur und Kritik 675 $a8 675 $a83 676 $a809 801 0$aIT$bACNP$c20090723 859 4 $uhttp://acnp.cib.unibo.it/cgi-ser/start/it/cnr/dc-p1.tcl?catno=38029&person=false&language=ITALIANO&libr=&libr_th=unina1$zBiblioteche che possiedono il periodico 901 $aSE 912 $a990008999960403321 958 $aBRAU. Biblioteca di Ricerca di Area Umanistica$b1966-1967;1970-$c1966-1967;1970-1971;1973;1975-1978;1985;1996;1998;$eAUSTRIA 1$fFLFBC 959 $aFLFBC 996 $aLiteratur und Kritik$9791096 997 $aUNINA AP1 8 $6866-01$aNA072 BRAU. Biblioteca di Ricerca di Area Umanistica$bAUSTRIA 1$ePiazza Bellini 56/60, 80133 Napoli (NA)$m(081) 2533948$nit AP2 40$aacnp.cib.unibo.it$nACNP Italian Union Catalogue of Serials$uhttp://acnp.cib.unibo.it/cgi-ser/start/it/cnr/df-p.tcl?catno=38029&language=ITALIANO&libr=&person=&B=1&libr_th=unina&proposto=NO